| 000 | 00749nam a22002297a 4500 | ||
|---|---|---|---|
| 999 |
_c15053 _d15053 |
||
| 003 | AR-CdUCM | ||
| 008 | 190425b ||||| |||| 00| 0 spa d | ||
| 020 | _a.978-84-7864-068-3 | ||
| 040 |
_aMUNICIPALIDAD PROVINCIAL DEL CUSCO _cBIBLIOTECA MUNICIPAL DEL CUSCO |
||
| 082 |
_aPI / 376.1 / _bC73 |
||
| 110 |
_aCombel editorial, _933005 |
||
| 245 |
_aItal - model : _b8 modelos para recortar y montar / |
||
| 260 |
_aBarcelona : _bCombel editorial, _c2010. |
||
| 300 |
_bilustraciones, graficos, dibujos, recortes _c37 cm. |
||
| 500 | _aTexto recreativo para niños | ||
| 650 |
_aEducativo _927921 |
||
| 650 |
_aArmable _934067 |
||
| 650 |
_aNiños _99390 |
||
| 856 | _fwww.combeleditorial.com | ||
| 942 |
_2ddc _cLIBROS |
||
| 945 |
_apjha _d2019-04-25 |
||